| 000 | 00932nam a22003137a 4500 | ||
|---|---|---|---|
| 003 | CHAP | ||
| 005 | 20220817041253.0 | ||
| 008 | 971013s1994 r 00010 d | ||
| 010 | _a10021 | ||
| 011 | _a10993 | ||
| 035 | _a10231 | ||
| 040 | _cCHAP | ||
| 082 |
_a636.0883 _bF3f |
||
| 110 | _aFAO | ||
| 245 | _aCollecte de données sur l'élevage | ||
| 260 |
_aRome : _bFAO, _c1994 |
||
| 300 | _a127 p | ||
| 490 |
_aFAO. Desarrollo estadístico _v; 4 |
||
| 590 |
_aBATCH-UPD _b10 _c20130110 _lUCH01 _h1858 |
||
| 590 |
_aBATCH-UPD _b10 _c20130410 _lUCH01 _h1226 |
||
| 590 |
_aBATCH-UPD _b10 _c20130914 _lUCH01 _h1352 |
||
| 590 |
_aCONVERSION _b10 _c20130109 _lUCH01 _h1306 |
||
| 650 | 1 | 4 |
_aGanadería _xEstadísticas. _944694 |
| 650 | 1 | 4 |
_aProductos pecuarios _xEstadísticas. _992167 |
| 830 | 0 |
_aFAO. Desarrollo estadístico _v; 4 |
|
| 901 | _aBK | ||
| 942 | _cLIBRO | ||
| 949 |
_a636.0883 F3f _bBC _cFAO _d-21670 _eFAO1 _h86333 _i10231 _si |
||
| 999 |
_c10021 _d10021 |
||